Zwycięskie ugrupowania wyborów parlamentarnych w Polsce po '89 - Statystyki

Ogólne statystyki
  • Ten quiz został rozwiązany 17 razy
  • Średni wynik to 8 z 10
Statystyki odpowiedzi
Data wyborów Zwycięskie ugrupowanie (%) % Poprawnych
2023 Prawo i Sprawiedliwość
100%
2007 Platforma Obywatelska
94%
2011 Platforma Obywatelska
94%
2005 Prawo i Sprawiedliwość
94%
2015 Prawo i Sprawiedliwość
94%
2019 Prawo i Sprawiedliwość
94%
2001 Sojusz Lewicy Demokratycznej
82%
1993 Sojusz Lewicy Demokratycznej
71%
1997 Akcja Wyborcza Solidarność
59%
1991 Unia Demokratyczna
35%
Nie znaleziono quizów pasujących do podanych kryteriów
Rozkład punktacji
Procent ludzi z każdym wynikiem
Percentyl według liczby udzielonych odpowiedzi
Twoja historia wyników
Nie rozwiązałeś tego quizu